| 000 | 00536nam a2200193Ia 4500 | ||
|---|---|---|---|
| 005 | 20250725155228.0 | ||
| 008 | 008 250516s9999 xx 000 0 hin d | ||
| 020 | _a9789392356636 | ||
| 040 |
_beng _cSDCL |
||
| 041 |
_ahin _2hin |
||
| 084 | _aO152,6N05:g R3 | ||
| 100 | _aGoyanka | ||
| 245 | 0 | _aJainendra Ko Yaad Karte Huye | |
| 246 | _aजैनेन्द्र को याद करते हुए | ||
| 260 |
_aNew Delhi: _bSamkaleen Prakashan, _c2023. |
||
| 300 | _a264p. | ||
| 650 | _aHindi | ||
| 942 |
_cTEXL _2CC |
||
| 999 |
_c1430393 _d1430393 |
||